| 000 | 00000nas##2200000za#4500 |
| 001 | 9.514094 |
| 003 | CaOODSP |
| 005 | 20200331211540 |
| 007 | ta |
| 008 | 150406c2007||||xxc|| p #||||f| |0fre|d |
| 022 | |a1709-8300 |
| 040 | |aCaOODSP|bfre |
| 043 | |an-cn--- |
| 086 | 1 |aFo122-1F |
| 110 | 1 |aCanada.|bRessources naturelles Canada. |bService canadien des forêts. |
| 245 | 10|aNouvelles express / |c[Par] Centre foresterie des Grands Lacs. |
| 260 | |aSault Ste. Marie - Ontario : |bRessources naturelles Canada. |c2001--. |
| 310 | |aIrrégulier |
| 775 | 08|tFrontline express / |w(CaOODSP)9.515772 |
| 776 | 0#|tNouvelles express.|w(CaOODSP)9.501800 |